|
|
|
|
| LEADER |
01871nam a2200361 a 4500 |
| 001 |
32112 |
| 003 |
BD-DhAAL |
| 005 |
20211124130805.0 |
| 008 |
171003s2014 enka 001 0 eng |
| 999 |
|
|
|c 38383
|d 38383
|
| 010 |
|
|
|a 2011046710
|
| 020 |
|
|
|a 1292027614
|
| 020 |
|
|
|a 9781292027616
|
| 040 |
|
|
|a DLC
|c DLC
|d BD-DhAAL
|
| 050 |
0 |
0 |
|a TP248.2
|b .T49 2012
|
| 082 |
0 |
0 |
|a 660.6
|2 23
|
| 100 |
1 |
|
|a Thieman, William J.
|9 22395
|
| 245 |
1 |
0 |
|a Introduction to biotechnology /
|c William J. Thieman, Michael A. Palladino.
|
| 250 |
|
|
|a 3rd ed.
|
| 260 |
|
|
|a Harlow :
|b Pearson Education,
|c 2014.
|
| 300 |
|
|
|a ii, 394 pages :
|b illustrations ;
|c 29 cm.
|
| 500 |
|
|
|a Includes index.
|
| 526 |
|
|
|a PHR
|
| 541 |
|
|
|e 32112, 32113
|
| 650 |
|
0 |
|a Biotechnology.
|9 22396
|
| 650 |
|
0 |
|a Pharmacy.
|9 43084
|
| 700 |
1 |
|
|a Palladino, Michael Angelo.
|9 22397
|
| 942 |
|
|
|2 ddc
|c BK
|
| 952 |
|
|
|0 0
|1 0
|2 ddc
|4 0
|6 660_600000000000000_THI
|7 0
|9 61425
|a PHR
|b PHR
|c GEN
|d 2017-10-03
|e STS International
|g 3800.00
|l 0
|o 660.6 THI
|p 3010032112
|r 2017-10-03
|t 1
|w 2017-10-03
|y BK
|
| 952 |
|
|
|0 0
|1 0
|2 ddc
|4 0
|6 660_600000000000000_THI
|7 0
|9 61426
|a BRACUL
|b BRACUL
|c GEN
|d 2017-10-03
|e STS International
|g 3800.00
|l 8
|m 15
|o 660.6 THI
|p 3010032113
|r 2025-09-23
|s 2025-09-14
|t 2
|w 2017-10-03
|y BK
|
| 952 |
|
|
|0 0
|1 0
|2 ddc
|4 0
|6 660_600000000000000_THI
|7 0
|9 62395
|a BRACUL
|b BRACUL
|c GEN
|d 2018-01-03
|e STS International
|g 4250.00
|l 7
|m 34
|o 660.6 THI
|p 3010032566
|r 2025-05-18
|s 2025-05-07
|t 5
|v 4250.00
|w 2018-01-03
|y BK
|
| 952 |
|
|
|0 0
|1 0
|2 ddc
|4 0
|6 660_600000000000000_THI
|7 0
|9 62396
|a BRACUL
|b BRACUL
|c GEN
|d 2018-01-03
|e STS International
|g 4250.00
|l 8
|m 50
|o 660.6 THI
|p 3010032564
|q 2026-05-20
|r 2026-05-13
|s 2026-05-13
|t 3
|v 4250.00
|w 2018-01-03
|y BK
|
| 952 |
|
|
|0 0
|1 0
|2 ddc
|4 0
|6 660_600000000000000_THI
|7 0
|9 62397
|a BRACUL
|b BRACUL
|c GEN
|d 2018-01-03
|e STS International
|g 4250.00
|l 10
|m 75
|o 660.6 THI
|p 3010032565
|q 2026-06-02
|r 2026-05-13
|s 2026-05-13
|t 4
|v 4250.00
|w 2018-01-03
|y BK
|